00516nam a2200121Ia 4500008004100000100002200041245011700063245008800180260004800268260001700316650002700333856003400360160809s9999 xx 000 0 und d aAlekseev, Sergej. 2aA New Algorithm for Construction of a P2P Multicast Hybrid Overlay Tree Based on Topological Distances Full Text cSergej Alekseev and Jorg Schafer, Frankfurt University of Applied Sciences, Germany bComputer Science and Information Technology cJanuary 2016 xINFORMATION TECHNOLOGY uhttp://airccse.org/V6N48.html